000
00257nam a2200109Ia 4500
008
190216s9999||||xx |||||||||||||| ||und||
100
_a
Venkataramanan
245
0
_a
Management Accounting
260
_b
A.V.Chand & Company
_c
1968
300
_a
239p
942
_c
BK
999
_c
4906
_d
4906